Enfoque jurídico del control fiscal en colombia (Registro nro. 30899)

Detalles MARC
000 -CABECERA
Longitud fija campo de control 01012nam a2200193 a 4500
003 - • IDENTIFICADOR DELl NÚMERO DE CONTROL
Identificador del número de control CO-ViMGA
008 - • CÓDIGOS DE INFORMACIÓN DE LONGITUD FIJA
Códigos de información de longitud fija 141112s2004 ck r 000 u spa d
040 ## - FUENTE DE LA CATALOGACIÓN
Centro catalogador de origen CO-ViMGA
Lengua de catalogación spa
Centro transcriptor CO-ViMGA
082 04 - • NÚMERO DE LA CLASIFICACIÓN DECIMAL DEWEY
Número de clasificación (R) 343.03 R377e
100 1# - • PUNTO DE ACCESO PRINCIPAL-NOMBRE DE PERSONA
Nombre de persona Restrepo Correa, León Jairo
245 10 - • TITULO PROPIAMENTE DICHO
Título Enfoque jurídico del control fiscal en colombia
300 ## - • DESCRIPCIÓN FÍSICA
Extensión 292
505 ## - • NOTA DE CONTENIDO CON FORMATO
Nota de contenido con formato Fundamentos constitucional del control fiscal en colombia 14 - 29 - - Ley 610 de 2000 32 - 56 - - El control fiscal y la participación ciudadana 32 - 56 - - Auditoria al aseguramiento de los bienes y obras 69 - 74 - - Control fiscal a las empresas de servicios públicos domiciliarios 75 - 86 - - Otras posiciones frente a la naturaleza del proceso de responsabilidad fiscal 89 - 95
590 ## - NOTAS LOCALES
Nota local Forma de adquisición : Compra - - Precio : 25.000 - - Proveedor : Dismet - - Fecha de adquisición : 2008
650 14 - • PUNTO DE ACCESO ADICIONAL DE MATERIA - TÉRMINO DE MATERIA
Término de materia o nombre geográfico como elemento inicial AUDITORIA FISCAL - ASPECTOS JURIDICOS - COLOMBIA
942 ## - ENTRADA DE ELEMENTOS AGREGADOS (KOHA)
Fuente de clasificaión o esquema Dewey Decimal Classification
Koha [por defecto] tipo de item LIbro
Existencias
Perdido Fuente de clasificación o esquema Estado Físico No para préstamo Forma de adquisición Localización permanente Localización actual Fecha adquisición Serie de enumeración / cronolog&íacute;a Préstamos totales Signatura completa Código de barras Fecha última consulta Número de copia Fecha del precio de reemplazo Tipo de item de Koha
  Dewey Decimal Classification     Sala Especializada Tercer Piso Biblioteca Pública Germán Arciniegas - Villavicencio Biblioteca Pública Germán Arciniegas - Villavicencio 12/04/2015 11/jun/2009   343.03 R377e 22598 12/04/2015 Ej. 1 12/04/2015 LIbro









Instituto Departamental de Cultura del Meta - Red Departamental de Bibliotecas Públicas del Meta.